Cuba y los escritos europeos /
Na minha lista:
| Autor principal: | |
|---|---|
| Formato: | Desconhecido |
| Idioma: | Spanish |
| Assuntos: | |
| Tags: |
Adicionar Tag
Sem tags, seja o primeiro a adicionar uma tag!
|
MARC
| LEADER | 000000000a22000000004500 | ||
|---|---|---|---|
| 001 | 002232 | ||
| 041 | 0 | |a spa | |
| 100 | 1 | |a Castellet, José María, |d 1926- | |
| 245 | 1 | 0 | |a Cuba y los escritos europeos / |c José María Castellet. |
| 310 | |a trimestral | ||
| 650 | 4 | |a REVOLUCION CUBANA 1968 | |
| 650 | 4 | |a SOCIALISMO | |
| 773 | 0 | |x 008-7157 |d Cuba : Editorial Casa de las Américas |t Casa de las Américas |g número 51-52 (1968-1969), página 51 | |
| 942 | |c ARC | ||
| 999 | |c 9782 |d 9782 | ||
